[Event "FIDE World Youth U16 Chess Olympiad SLOVAKIA 2016"]
[Site "Poprad Tatry SLOVAKIA"]
[Date "2016.07.27"]
[Round "6"]
[Board "4"]
[White "Ioannides Liu, Lian"]
[Black "Fajtakova, Silvia"]
[Result "1-0"]
[WhiteElo "1289"]
[BlackElo "1177"]
[PlyCount "101"]
[EventDate "2016.07.22"]
[EventType "team"]
[EventRounds "9"]
[EventCountry "SVK"]
[WhiteTeam "Cyprus"]
[BlackTeam "Slovakia BSZ"]

1. e4 e5 2. Nf3 Nc6 3. Bc4 Nf6 4. d3 h6 5. h3 Bc5 6. O-O O-O 7. Be3 Bxe3 8.
fxe3 d6 9. Nc3 Na5 10. Bb3 Nxb3 11. axb3 c6 12. Ne2 Re8 13. Ng3 d5 14. Qe1 dxe4
15. dxe4 Qe7 16. Qc3 Qc7 17. Ra5 Nd7 18. Nf5 b6 19. Raa1 Nc5 20. Qc4 Be6 21.
Qb4 a5 22. Qc3 Nxe4 23. Qxe5 Qxe5 24. Nxe5 Bxb3 25. cxb3 Rxe5 26. Rad1 Nc5 27.
Rd6 Rc8 28. Rf3 Nxb3 29. Rd7 Rf8 30. Ne7+ Kh8 31. Ng6+ Kg8 32. Nxf8 Kxf8 33.
Rdxf7+ Ke8 34. Rxg7 Nd2 35. Rg8+ Kd7 36. Rff8 Kd6 37. Rd8+ Kc5 38. Rxd2 Rxe3
39. Rg6 Re1+ 40. Kf2 Re5 41. Rdd6 Rf5+ 42. Ke3 Rg5 43. Rxc6+ Kd5 44. Rxg5+ Kxc6
45. Rg6+ Kc5 46. Rxh6 Kb5 47. g4 Kc5 48. g5 Kd5 49. Rxb6 Ke5 50. g6 Kf5 51. g7
 1-0

[Event "FIDE World Youth U16 Chess Olympiad SLOVAKIA 2016"]
[Site "Poprad Tatry SLOVAKIA"]
[Date "2016.07.27"]
[Round "7"]
[Board "1"]
[White "Nikitenko, Mihail"]
[Black "Maghsoodloo, Parham"]
[Result "1/2-1/2"]
[WhiteElo "2364"]
[BlackElo "2501"]
[PlyCount "84"]
[EventDate "2016.07.22"]
[EventType "team"]
[EventRounds "9"]
[EventCountry "SVK"]
[WhiteTeam "Belarus"]
[BlackTeam "Iran"]

1. Nf3 Nf6 2. g3 g6 3. Bg2 Bg7 4. O-O O-O 5. d3 c5 6. Nbd2 Nc6 7. e4 d6 8. Nh4
e5 9. Nc4 d5 10. exd5 Nxd5 11. Nf3 h6 12. Re1 Re8 13. a4 Rb8 14. Nfd2 f5 15. f4
Kh7 16. Kh1 b6 17. fxe5 Nxe5 18. Nxe5 Rxe5 19. Rxe5 Bxe5 20. Nf3 Bg7 21. d4 Qe7
22. dxc5 Qxc5 23. Qxd5 Qxd5 24. Ng5+ hxg5 25. Bxd5 Bb7 26. Bxb7 Rxb7 27. Bxg5
Bxb2 28. Re1 Kg7 29. Re6 Rc7 30. Bf4 Rxc2 31. Re7+ Kf6 32. Rxa7 Bd4 33. h4 Ra2
34. Bc7 f4 35. Bxb6 Bxb6 36. Ra6 Kf5 37. Rxb6 Rxa4 38. gxf4 Rxf4 39. Rb5+ Kf6
40. h5 gxh5 41. Rxh5 Rf5 42. Rxf5+ Kxf5 1/2-1/2

[Event "FIDE World Youth U16 Chess Olympiad SLOVAKIA 2016"]
[Site "Poprad Tatry SLOVAKIA"]
[Date "2016.07.27"]
[Round "7"]
[Board "2"]
[White "Firouzja, Alireza"]
[Black "Zarubitski, Viachaslau"]
[Result "1/2-1/2"]
[WhiteElo "2481"]
[BlackElo "2289"]
[PlyCount "65"]
[EventDate "2016.07.22"]
[EventType "team"]
[EventRounds "9"]
[EventCountry "SVK"]
[WhiteTeam "Iran"]
[BlackTeam "Belarus"]

1. Nf3 Nf6 2. g3 d5 3. Bg2 g6 4. c4 c6 5. Qa4 Nbd7 6. cxd5 cxd5 7. O-O Bg7 8.
d3 O-O 9. Nc3 Re8 10. Qh4 Nb8 11. Bg5 Nc6 12. e4 d4 13. Ne2 e5 14. a3 a5 15.
Nd2 h6 16. Bxh6 Bxh6 17. Qxh6 Ng4 18. Qh4 g5 19. Qh5 Kg7 20. f4 gxf4 21. gxf4
Rh8 22. Qg5+ Qxg5 23. fxg5 Nxh2 24. Rf2 Ng4 25. Rf3 Be6 26. Ng3 Kg6 27. Nf5 Rh5
28. Rg3 Ne3 29. Nxe3 dxe3 30. Nf3 Rd8 31. Bf1 Rdh8 32. Bg2 Rd8 33. Bf1 1/2-1/2

[Event "FIDE World Youth U16 Chess Olympiad SLOVAKIA 2016"]
[Site "Poprad Tatry SLOVAKIA"]
[Date "2016.07.27"]
[Round "7"]
[Board "3"]
[White "Ivannikau, Maksim"]
[Black "Tahbaz, Arash"]
[Result "0-1"]
[WhiteElo "2168"]
[BlackElo "2406"]
[PlyCount "88"]
[EventDate "2016.07.22"]
[EventType "team"]
[EventRounds "9"]
[EventCountry "SVK"]
[WhiteTeam "Belarus"]
[BlackTeam "Iran"]

1. Nf3 c5 2. g3 Nc6 3. Bg2 g6 4. O-O Bg7 5. d3 e5 6. c4 Nge7 7. Nc3 O-O 8. a3
d6 9. Rb1 a5 10. Bd2 Rb8 11. Qc1 Nf5 12. e3 Nfe7 13. Ne1 Be6 14. Nd5 b5 15. b3
b4 16. a4 Qd7 17. Nc2 h5 18. Qd1 h4 19. e4 f5 20. Bg5 hxg3 21. fxg3 Rf7 22.
Nce3 Rbf8 23. Nxe7+ Nxe7 24. Bxe7 Qxe7 25. exf5 gxf5 26. Qh5 Qf6 27. Nd5 Qh6
28. Qxh6 Bxh6 29. Rbe1 Bg5 30. Bf3 Rh7 31. Bg2 Kg7 32. Re2 Rfh8 33. Bh1 Rh3 34.
Nc7 Bd7 35. Bd5 R8h6 36. Bf3 f4 37. g4 Rxf3 38. Rxf3 Bxg4 39. Kg2 Kg6 40. Nd5
Bxf3+ 41. Kxf3 Kf5 42. Kg2 Kg4 43. Re1 f3+ 44. Kh1 f2 0-1

[Event "FIDE World Youth U16 Chess Olympiad SLOVAKIA 2016"]
[Site "Poprad Tatry SLOVAKIA"]
[Date "2016.07.27"]
[Round "7"]
[Board "4"]
[White "Zahedifar, Anahita"]
[Black "Svidersky, Nikita"]
[Result "1-0"]
[WhiteElo "2095"]
[BlackElo "2003"]
[PlyCount "185"]
[EventDate "2016.07.22"]
[EventType "team"]
[EventRounds "9"]
[EventCountry "SVK"]
[WhiteTeam "Iran"]
[BlackTeam "Belarus"]

1. d4 f5 2. g3 g6 3. Bg2 Bg7 4. Nf3 Nf6 5. O-O O-O 6. c4 d6 7. Qb3 Kh8 8. Rd1
Nc6 9. Nc3 a6 10. a4 Qe8 11. Nd5 Qd7 12. Qc2 Ne4 13. Nc3 Nxc3 14. Qxc3 Qe8 15.
Qe1 e5 16. d5 Ne7 17. e4 Bd7 18. Qb4 a5 19. Qa3 b6 20. Re1 h6 21. Nd2 g5 22.
exf5 Nxf5 23. Ne4 Nd4 24. Qd3 Bxa4 25. Rf1 Bc2 26. Qe3 Qh5 27. f3 Qg6 28. Bd2
Bxe4 29. Qxe4 Qxe4 30. fxe4 Nb3 31. Rad1 g4 32. Be3 h5 33. Rf2 Kh7 34. Rdf1 Kg6
35. Rf5 Rxf5 36. Rxf5 Bf6 37. h3 a4 38. hxg4 hxg4 39. Bf1 a3 40. bxa3 Rxa3 41.
Be2 Na5 42. Kf2 Ra2 43. Ke1 Ra4 44. Bxg4 Nxc4 45. Bh5+ Kg7 46. Rf3 Nxe3 47.
Rxe3 Rc4 48. Be2 Rc5 49. Rb3 Bg5 50. Kf2 Kf6 51. Kf3 Kg6 52. Bd3 Bd8 53. Bb5
Kg5 54. Bd7 Rc2 55. Bb5 Kh5 56. Be8+ Kg5 57. Bd7 Rc1 58. Bb5 Be7 59. Bd7 Bf6
60. Bb5 Bd8 61. Bd7 Rf1+ 62. Kg2 Re1 63. Kf3 Rc1 64. Be8 Bf6 65. Bb5 Bg7 66.
Bc6 Bh6 67. Bd7 Rf1+ 68. Kg2 Rf7 69. Be8 Re7 70. Bb5 Kh5 71. Kh3 Bd2 72. Rf3
Kg5 73. Rf5+ Kg6 74. Rf2 Be3 75. Rf3 Bc1 76. Rf1 Bd2 77. Rf2 Be1 78. Rf1 Bd2
79. Rf2 Be3 80. Rf3 Bd4 81. Rf1 Rh7+ 82. Kg2 Rh8 83. Bc6 Rb8 84. Rb1 Kg5 85.
Rb3 Rh8 86. Rf3 Kg6 87. Rf1 Bc5 88. Rf3 Rb8 89. Rb3 Kg5 90. Rb1 Rh8 91. Rf1 Rh7
92. Rf5+ Kg4 93. Bb5 1-0

[Event "FIDE World Youth U16 Chess Olympiad SLOVAKIA 2016"]
[Site "Poprad Tatry SLOVAKIA"]
[Date "2016.07.27"]
[Round "7"]
[Board "1"]
[White "Liu, Yan"]
[Black "Martirosyan, Haik M."]
[Result "1/2-1/2"]
[WhiteElo "2402"]
[BlackElo "2450"]
[PlyCount "39"]
[EventDate "2016.07.22"]
[EventType "team"]
[EventRounds "9"]
[EventCountry "SVK"]
[WhiteTeam "China 1"]
[BlackTeam "Armenia"]

1. Nf3 Nf6 2. d4 e6 3. g3 b5 4. Bg2 Bb7 5. O-O d5 6. Nbd2 c5 7. dxc5 Bxc5 8.
Nb3 Be7 9. c3 O-O 10. Nbd4 a6 11. a4 b4 12. cxb4 Bxb4 13. Bd2 Bxd2 14. Qxd2 Qd6
15. Qf4 Qxf4 16. gxf4 Nbd7 17. Rfc1 Rfc8 18. Nd2 Rab8 19. N2b3 Kf8 20. e3
 1/2-1/2

[Event "FIDE World Youth U16 Chess Olympiad SLOVAKIA 2016"]
[Site "Poprad Tatry SLOVAKIA"]
[Date "2016.07.27"]
[Round "7"]
[Board "2"]
[White "Hakobyan, Aram"]
[Black "Nie, Xinyang"]
[Result "1/2-1/2"]
[WhiteElo "2382"]
[BlackElo "2314"]
[PlyCount "52"]
[EventDate "2016.07.22"]
[EventType "team"]
[EventRounds "9"]
[EventCountry "SVK"]
[WhiteTeam "Armenia"]
[BlackTeam "China 1"]

1. d4 d5 2. c4 e6 3. Nf3 c6 4. Qc2 f5 5. Bf4 Nf6 6. e3 Be7 7. Nc3 O-O 8. Bd3
Ne4 9. g4 Na6 10. a3 Qa5 11. Ke2 Nxc3+ 12. bxc3 dxc4 13. Bxc4 b5 14. Ba2 Nc7
15. Bxc7 Qxc7 16. gxf5 c5 17. Qe4 c4 18. fxe6 Bb7 19. d5 Qd6 20. Rad1 Rad8 21.
Bb1 g6 22. Rhg1 Rf6 23. Ng5 Qxh2 24. Nf3 Qh5 25. Rh1 Qxh1 26. Rxh1 Bxd5 1/2-1/2

[Event "FIDE World Youth U16 Chess Olympiad SLOVAKIA 2016"]
[Site "Poprad Tatry SLOVAKIA"]
[Date "2016.07.27"]
[Round "7"]
[Board "3"]
[White "Chen, Qi B"]
[Black "Sargsyan, Shant"]
[Result "0-1"]
[WhiteElo "2210"]
[BlackElo "2431"]
[PlyCount "96"]
[EventDate "2016.07.22"]
[EventType "team"]
[EventRounds "9"]
[EventCountry "SVK"]
[WhiteTeam "China 1"]
[BlackTeam "Armenia"]

1. e4 e5 2. Nf3 Nc6 3. Bb5 a6 4. Ba4 Nf6 5. O-O Be7 6. d3 d6 7. c4 O-O 8. h3
Nd7 9. Nc3 Nc5 10. Bxc6 bxc6 11. d4 exd4 12. Nxd4 Bd7 13. Bf4 Bf6 14. Qd2 Re8
15. Rfe1 a5 16. Rab1 a4 17. Bg3 Rb8 18. a3 Qc8 19. f4 Qa6 20. e5 dxe5 21. fxe5
Be7 22. Qe2 Ne6 23. Nf5 Bc5+ 24. Kh2 Nd4 25. Nxd4 Bxd4 26. Qd3 c5 27. Nd5 Rb3
28. Qe4 Rxg3 29. Kxg3 Bxe5+ 30. Kf3 f6 31. Qd3 Qd6 32. Rbd1 Rb8 33. Ne7+ Kf7
34. Qxd6 cxd6 35. Nd5 Rb3+ 36. Re3 Rxb2 37. Re2 Rb3+ 38. Re3 Bd4 39. Rxb3 axb3
40. Rb1 b2 41. Ke4 g6 42. g4 f5+ 43. Kd3 fxg4 44. hxg4 Bxg4 45. Nc3 Bf5+ 46.
Ne4 Ke6 47. a4 d5 48. cxd5+ Kxd5 0-1

[Event "FIDE World Youth U16 Chess Olympiad SLOVAKIA 2016"]
[Site "Poprad Tatry SLOVAKIA"]
[Date "2016.07.27"]
[Round "7"]
[Board "4"]
[White "Mirzoyan, David"]
[Black "Wang, Shiwu"]
[Result "0-1"]
[WhiteElo "2297"]
[BlackElo "2013"]
[PlyCount "94"]
[EventDate "2016.07.22"]
[EventType "team"]
[EventRounds "9"]
[EventCountry "SVK"]
[WhiteTeam "Armenia"]
[BlackTeam "China 1"]

1. c4 e5 2. Nc3 Nf6 3. Nf3 Nc6 4. e3 Bb4 5. Nd5 Bd6 6. Nxf6+ Qxf6 7. d3 Bb4+ 8.
Nd2 Qg6 9. a3 Bxd2+ 10. Qxd2 b6 11. b4 Bb7 12. Bb2 O-O 13. O-O-O Rfd8 14. d4 d5
15. cxd5 Rxd5 16. Bd3 e4 17. Bc4 Rd6 18. Qc2 Ne7 19. Kb1 Bd5 20. Bf1 c6 21. Rc1
b5 22. h4 Qe6 23. Qd2 Nc8 24. f3 Nb6 25. fxe4 Bxe4+ 26. Ka1 Nd5 27. Rh3 f5 28.
h5 Rd7 29. Rc5 a5 30. bxa5 Rda7 31. Qc1 Rxa5 32. Rxc6 Qd7 33. Rc5 h6 34. Rg3 b4
35. Rxa5 Rxa5 36. Bc4 bxa3 37. Bc3 Ra7 38. Bb4 Kh7 39. Bc5 Rb7 40. Qxa3 Nc3 41.
Bb3 Qb5 42. Bf8 Qxb3 43. Rxg7+ Kh8 44. Rxb7 Qd1+ 45. Kb2 Qc2+ 46. Ka1 Bxb7 47.
Bg7+ Kh7 0-1

[Event "FIDE World Youth U16 Chess Olympiad SLOVAKIA 2016"]
[Site "Poprad Tatry SLOVAKIA"]
[Date "2016.07.27"]
[Round "7"]
[Board "1"]
[White "Gorodetzky, David"]
[Black "Golubov, Saveliy"]
[Result "1/2-1/2"]
[WhiteElo "2331"]
[BlackElo "2497"]
[PlyCount "38"]
[EventDate "2016.07.22"]
[EventType "team"]
[EventRounds "9"]
[EventCountry "SVK"]
[WhiteTeam "Israel Rehovot Chess School"]
[BlackTeam "Russia"]

1. e4 e5 2. Nf3 Nc6 3. Bc4 Bc5 4. c3 Nf6 5. d3 d6 6. Nbd2 O-O 7. h3 Ne7 8. Bb3
Ng6 9. Nf1 d5 10. Qc2 dxe4 11. dxe4 Bd7 12. Be3 Bxe3 13. Nxe3 Bc6 14. Rd1 Qe7
15. Bd5 Bxd5 16. exd5 e4 17. Nd4 Rfd8 18. c4 Qe5 19. Ne2 c6 1/2-1/2

[Event "FIDE World Youth U16 Chess Olympiad SLOVAKIA 2016"]
[Site "Poprad Tatry SLOVAKIA"]
[Date "2016.07.27"]
[Round "7"]
[Board "2"]
[White "Esipenko, Andrey"]
[Black "Zlatin, Alexander"]
[Result "1-0"]
[WhiteElo "2477"]
[BlackElo "2146"]
[PlyCount "79"]
[EventDate "2016.07.22"]
[EventType "team"]
[EventRounds "9"]
[EventCountry "SVK"]
[WhiteTeam "Russia"]
[BlackTeam "Israel Rehovot Chess School"]

1. Nf3 Nf6 2. g3 d5 3. Bg2 e6 4. O-O Be7 5. d3 O-O 6. Nbd2 c5 7. e4 Nc6 8. Re1
Qc7 9. Qe2 b6 10. e5 Nd7 11. c4 Bb7 12. Nf1 dxc4 13. dxc4 Rfd8 14. b3 Nf8 15.
Bb2 Rd7 16. h4 Rad8 17. N1h2 Nd4 18. Nxd4 cxd4 19. Qd3 Bxg2 20. Kxg2 Ng6 21.
Nf3 Bb4 22. Re4 Bc3 23. Rb1 Qb7 24. h5 Ne7 25. h6 g6 26. Bc1 Nc6 27. a3 a5 28.
Kg1 Nb8 29. Ng5 Qc7 30. Qf3 Qc5 31. Rf4 Nc6 32. Rxf7 Nxe5 33. Qf6 Rxf7 34. Nxf7
Nf3+ 35. Kg2 Ne1+ 36. Kf1 Qf8 37. Qxd8 Kxf7 38. Qd7+ Kf6 39. Bf4 g5 40. Bxg5+
 1-0

[Event "FIDE World Youth U16 Chess Olympiad SLOVAKIA 2016"]
[Site "Poprad Tatry SLOVAKIA"]
[Date "2016.07.27"]
[Round "7"]
[Board "3"]
[White "Parkhov, Yair"]
[Black "Lobanov, Sergei"]
[Result "0-1"]
[WhiteElo "2162"]
[BlackElo "2433"]
[PlyCount "110"]
[EventDate "2016.07.22"]
[EventType "team"]
[EventRounds "9"]
[EventCountry "SVK"]
[WhiteTeam "Israel Rehovot Chess School"]
[BlackTeam "Russia"]

1. d4 Nf6 2. c4 e6 3. Nf3 Bb4+ 4. Nbd2 b6 5. a3 Bxd2+ 6. Qxd2 Bb7 7. g3 O-O 8.
Bg2 d6 9. b3 Nbd7 10. O-O Ne4 11. Qe3 Rb8 12. Ng5 Nxg5 13. Qxg5 Qxg5 14. Bxg5
Bxg2 15. Kxg2 h6 16. Be3 Rfc8 17. Rfd1 Kf8 18. Rac1 Ke7 19. f3 c5 20. Bf2 a6
21. e4 f6 22. Kf1 e5 23. dxe5 fxe5 24. Ke2 b5 25. cxb5 axb5 26. b4 c4 27. Kd2
Rf8 28. Rc3 Nf6 29. Ke2 Rfc8 30. Rc2 Ra8 31. Ra2 Ra4 32. Bb6 Nd7 33. Ba5 Nb8
34. Rd5 Nc6 35. Kd1 Nxa5 36. bxa5 Rxa5 37. f4 Rc5 38. Rad2 Rxd5 39. Rxd5 exf4
40. gxf4 Rxa3 41. Rxb5 Re3 42. e5 dxe5 43. fxe5 Ke6 44. Rc5 c3 45. Kc1 h5 46.
h4 Re4 47. Rc7 Rg4 48. Kc2 g6 49. Kxc3 Kxe5 50. Rc6 Kf4 51. Kd3 Kg3 52. Ke3
Kxh4 53. Kf3 g5 54. Rc5 Rf4+ 55. Ke3 Kg4 0-1

[Event "FIDE World Youth U16 Chess Olympiad SLOVAKIA 2016"]
[Site "Poprad Tatry SLOVAKIA"]
[Date "2016.07.27"]
[Round "7"]
[Board "4"]
[White "Obolentseva, Alexandra"]
[Black "Gorodetzky, Matan"]
[Result "1-0"]
[WhiteElo "2336"]
[BlackElo "2127"]
[PlyCount "83"]
[EventDate "2016.07.22"]
[EventType "team"]
[EventRounds "9"]
[EventCountry "SVK"]
[WhiteTeam "Russia"]
[BlackTeam "Israel Rehovot Chess School"]

1. d4 Nf6 2. c4 e6 3. Nc3 d5 4. Nf3 Be7 5. cxd5 exd5 6. Bg5 O-O 7. Qc2 h6 8.
Bh4 b6 9. e3 Bb7 10. Bd3 Re8 11. O-O Nbd7 12. Bf5 Ne4 13. Bxe7 Rxe7 14. Nxe4
dxe4 15. Nd2 Nf6 16. Nc4 Qd5 17. Bh3 c5 18. Rfd1 g5 19. Qe2 Ba6 20. b3 Kg7 21.
g3 Bc8 22. Bxc8 Rxc8 23. dxc5 Qxc5 24. Qb2 b5 25. Nd6 Rf8 26. Rac1 Qe5 27. Qa3
Rd7 28. Rc5 Qe6 29. Nf5+ Kg6 30. Nd4 Qe7 31. b4 Rb8 32. Rdc1 Rbb7 33. Nc6 Qe6
34. Ne5+ Kh7 35. Nxd7 Nxd7 36. Rc6 Qh3 37. Qc3 f6 38. Qd4 Qf5 39. Rc7 Kg6 40.
Rxb7 Ne5 41. Rc5 Nf3+ 42. Kh1 1-0

[Event "FIDE World Youth U16 Chess Olympiad SLOVAKIA 2016"]
[Site "Poprad Tatry SLOVAKIA"]
[Date "2016.07.27"]
[Round "7"]
[Board "1"]
[White "Havasi, Gergo"]
[Black "Djordjevic, Vuk"]
[Result "0-1"]
[WhiteElo "2372"]
[BlackElo "2415"]
[PlyCount "118"]
[EventDate "2016.07.22"]
[EventType "team"]
[EventRounds "9"]
[EventCountry "SVK"]
[WhiteTeam "Hungary 1"]
[BlackTeam "Serbia"]

1. e4 e6 2. d4 d5 3. Nd2 Nc6 4. Ngf3 Nf6 5. e5 Nd7 6. Bb5 a6 7. Bxc6 bxc6 8.
Nb3 c5 9. Bg5 Be7 10. Bxe7 Qxe7 11. dxc5 Nxc5 12. O-O O-O 13. Nxc5 Qxc5 14. Qd4
Qe7 15. b4 a5 16. a3 Ba6 17. Rfb1 c5 18. Qxc5 Qxc5 19. bxc5 Rfc8 20. Nd4 Rxc5
21. Rb6 g5 22. Rc6 Rxc6 23. Nxc6 Bb5 24. Nd4 Ba4 25. f3 Rc8 26. Rd1 Kg7 27. Kf2
Rb8 28. Rd3 Rc8 29. Rd2 Kg6 30. g3 Rb8 31. Rd3 Rb1 32. f4 g4 33. Ke3 Re1+ 34.
Kf2 Rh1 35. Kg2 Rc1 36. Rc3 Rd1 37. Rd3 Ra1 38. Rc3 Ra2 39. Rc5 h5 40. Kf2 h4
41. gxh4 Kh5 42. Rc7 Kxh4 43. Rxf7 Bxc2 44. Nxc2 Rxc2+ 45. Kg1 g3 46. Rh7+ Kg4
47. hxg3 Kxg3 48. Kf1 Kxf4 49. Ra7 Rc5 50. Ke2 Kxe5 51. Kd3 d4 52. a4 Rc3+ 53.
Kd2 Ke4 54. Rxa5 Ra3 55. Ra8 Ra2+ 56. Kc1 d3 57. Kb1 Rh2 58. a5 Rh1+ 59. Kb2 d2
 0-1

[Event "FIDE World Youth U16 Chess Olympiad SLOVAKIA 2016"]
[Site "Poprad Tatry SLOVAKIA"]
[Date "2016.07.27"]
[Round "7"]
[Board "2"]
[White "Ivic, Velimir"]
[Black "Kozak, Adam"]
[Result "1/2-1/2"]
[WhiteElo "2315"]
[BlackElo "2364"]
[PlyCount "73"]
[EventDate "2016.07.22"]
[EventType "team"]
[EventRounds "9"]
[EventCountry "SVK"]
[WhiteTeam "Serbia"]
[BlackTeam "Hungary 1"]

1. e4 e5 2. Nf3 Nc6 3. Bb5 a6 4. Ba4 Nf6 5. O-O Be7 6. d3 b5 7. Bb3 d6 8. a3
O-O 9. Nc3 Bb7 10. Nd5 Nxd5 11. Bxd5 Bf6 12. Be3 Qc8 13. Re1 Ne7 14. Bxb7 Qxb7
15. d4 Ng6 16. dxe5 Nxe5 17. Nxe5 Bxe5 18. Bd4 Rfe8 19. Qd3 Qc6 20. Bxe5 Rxe5
21. Re3 Rae8 22. Rae1 a5 23. c3 g6 24. Qd4 Qb7 25. f4 R5e7 26. e5 dxe5 27. Rxe5
Rxe5 28. Rxe5 Rxe5 29. Qxe5 Qc6 30. Kf2 Qd7 31. Ke3 Qc6 32. Kf2 Qc4 33. Qe8+
Kg7 34. Qe5+ Kg8 35. Qe8+ Kg7 36. Qe5+ Kg8 37. Qe8+ 1/2-1/2

[Event "FIDE World Youth U16 Chess Olympiad SLOVAKIA 2016"]
[Site "Poprad Tatry SLOVAKIA"]
[Date "2016.07.27"]
[Round "7"]
[Board "3"]
[White "Marjanovics, Annamaria"]
[Black "Injac, Teodora"]
[Result "1-0"]
[WhiteElo "2366"]
[BlackElo "2215"]
[PlyCount "53"]
[EventDate "2016.07.22"]
[EventType "team"]
[EventRounds "9"]
[EventCountry "SVK"]
[WhiteTeam "Hungary 1"]
[BlackTeam "Serbia"]

1. d4 Nf6 2. c4 g6 3. Nc3 Bg7 4. e4 d6 5. Be2 O-O 6. Bg5 c5 7. d5 a6 8. a4 Re8
9. Qd2 Qa5 10. Ra3 e6 11. Nf3 exd5 12. exd5 Qb4 13. O-O Ne4 14. Nxe4 Rxe4 15.
Re3 Rxe3 16. Qxe3 Qxa4 17. Bd1 Qd7 18. Re1 h6 19. Bxh6 b5 20. Qe8+ Kh7 21. Bf4
f6 22. Bxd6 bxc4 23. Bc2 Qxe8 24. Rxe8 Nd7 25. Ba4 Ra7 26. Bc6 Bb7 27. Re7 1-0

[Event "FIDE World Youth U16 Chess Olympiad SLOVAKIA 2016"]
[Site "Poprad Tatry SLOVAKIA"]
[Date "2016.07.27"]
[Round "7"]
[Board "4"]
[White "Gajcin, Marina"]
[Black "Marosi, Levente"]
[Result "1-0"]
[WhiteElo "2152"]
[BlackElo "2316"]
[PlyCount "191"]
[EventDate "2016.07.22"]
[EventType "team"]
[EventRounds "9"]
[EventCountry "SVK"]
[WhiteTeam "Serbia"]
[BlackTeam "Hungary 1"]

1. e4 c5 2. Nf3 d6 3. Bb5+ Nd7 4. c3 Ngf6 5. Qe2 a6 6. Ba4 b5 7. Bc2 Bb7 8. O-O
e5 9. d4 Be7 10. Rd1 Qc7 11. d5 O-O 12. a4 Nb6 13. Na3 b4 14. Nb1 a5 15. c4
Nxc4 16. Qxc4 Ba6 17. Qa2 c4 18. Nbd2 b3 19. Bxb3 cxb3 20. Qxb3 Rfc8 21. h3 Bd8
22. Re1 Qa7 23. Nh2 Rab8 24. Qf3 Bb6 25. Nhf1 Bc5 26. Ne3 Bb4 27. Rd1 Bd3 28.
Nf5 Bc2 29. Re1 Qd7 30. Qg3 Ne8 31. Qg4 Kh8 32. Re3 g6 33. Rg3 Ng7 34. Nh6 Qe7
35. Nf1 Nh5 36. Re3 f6 37. Qf3 Qg7 38. Ng4 Nf4 39. Nd2 f5 40. Nh2 Bxd2 41. Bxd2
Bxe4 42. Rxe4 fxe4 43. Qxe4 Rxb2 44. Nf3 Nh5 45. Bxa5 Nf6 46. Qe3 Nxd5 47. Qd3
Rc5 48. Be1 Qf7 49. a5 Rb8 50. Nd2 Rc3 51. Qa6 Qd7 52. Nc4 Nc7 53. Qxd6 Qxd6
54. Nxd6 Rc5 55. Ne4 Rcb5 56. Kf1 Rb1 57. Ra2 Kg7 58. Rd2 Rf8 59. Nc5 Rc1 60.
Nd3 Rb1 61. Re2 Rd8 62. Nxe5 Re8 63. f4 Nd5 64. g3 Nc3 65. Re3 Nb5 66. Rd3 Re7
67. Kf2 Rc7 68. Bd2 Ra1 69. Ke3 Ra3 70. Bb4 Ra4 71. Rb3 Rb7 72. Nd3 Kf7 73. Nc5
Re7+ 74. Kd3 Ra1 75. Kc4 Nc7 76. Bc3 Ra2 77. Nd3 Rc2 78. Ne5+ Kg8 79. Ng4 h5
80. Rb8+ Ne8 81. Rxe8+ Rxe8 82. Nf6+ Kf7 83. Nxe8 Kxe8 84. a6 Ra2 85. Kb5 Kd7
86. Kb6 Kc8 87. a7 h4 88. gxh4 Ra3 89. Bd4 Rb3+ 90. Kc6 Ra3 91. h5 gxh5 92. f5
Ra6+ 93. Bb6 h4 94. f6 Ra5 95. a8=R+ Rxa8 96. f7 1-0

[Event "FIDE World Youth U16 Chess Olympiad SLOVAKIA 2016"]
[Site "Poprad Tatry SLOVAKIA"]
[Date "2016.07.27"]
[Round "7"]
[Board "1"]
[White "Mesaros, Florian"]
[Black "Makhnyov, Denis"]
[Result "0-1"]
[WhiteElo "2324"]
[BlackElo "2351"]
[PlyCount "118"]
[EventDate "2016.07.22"]
[EventType "team"]
[EventRounds "9"]
[EventCountry "SVK"]
[WhiteTeam "Austria"]
[BlackTeam "Kazakhstan"]

1. Nf3 Nf6 2. c4 c5 3. Nc3 b6 4. g3 Bb7 5. Bg2 e6 6. O-O Be7 7. d4 cxd4 8. Qxd4
d6 9. Bg5 a6 10. Bxf6 Bxf6 11. Qf4 Ra7 12. Rfd1 Be7 13. Ne4 Bxe4 14. Qxe4 O-O
15. Nd4 Qc8 16. b3 Bf6 17. Rac1 Rc7 18. Rc2 Rd8 19. Rdc1 Rc5 20. e3 Qd7 21. Qd3
Rdc8 22. Qe2 Kh8 23. a4 R5c7 24. Rd1 Kg8 25. Rcd2 Rd8 26. f4 Qc8 27. Bh3 Rc5
28. f5 exf5 29. e4 Nc6 30. Nxf5 Qc7 31. Qf2 Be5 32. Ne3 Nb4 33. Ng4 a5 34. Kh1
Bc3 35. Re2 h5 36. Ne3 g6 37. Nd5 Nxd5 38. exd5 Be5 39. g4 hxg4 40. Bxg4 Kg7
41. Rf1 Qe7 42. Qg1 Rh8 43. Rg2 Rh6 44. Rf3 Qa7 45. Rh3 Rxh3 46. Bxh3 Qe7 47.
Bg4 Qf6 48. Rf2 Qh4 49. Rg2 Qf6 50. Rf2 Qh4 51. Rg2 Qf6 52. Be2 Bd4 53. Qd1 Rc8
54. Bg4 Re8 55. Re2 Rh8 56. h3 Qf4 57. Re7 Be5 58. Qe2 Qg3 59. Rb7 Rxh3+ 0-1

[Event "FIDE World Youth U16 Chess Olympiad SLOVAKIA 2016"]
[Site "Poprad Tatry SLOVAKIA"]
[Date "2016.07.27"]
[Round "7"]
[Board "2"]
[White "Turar, Dastan"]
[Black "Horvath, Dominik"]
[Result "1-0"]
[WhiteElo "2266"]
[BlackElo "2216"]
[PlyCount "93"]
[EventDate "2016.07.22"]
[EventType "team"]
[EventRounds "9"]
[EventCountry "SVK"]
[WhiteTeam "Kazakhstan"]
[BlackTeam "Austria"]

1. d4 Nf6 2. Nf3 g6 3. c4 Bg7 4. Nc3 O-O 5. e4 d6 6. h3 e5 7. d5 Nh5 8. g3 f5
9. exf5 gxf5 10. Ng5 Qe8 11. Bg2 Nf6 12. g4 f4 13. Nge4 Na6 14. Qe2 b6 15. Bd2
Nc5 16. Nxc5 bxc5 17. g5 Nd7 18. Be4 Nb6 19. h4 Bf5 20. h5 Qf7 21. Bxf5 Qxf5
22. Ne4 h6 23. Rg1 Kh8 24. O-O-O Rg8 25. f3 Bf8 26. gxh6 Bxh6 27. b3 Nd7 28.
Ba5 Nf6 29. Bxc7 Nxe4 30. Qxe4 Qxe4 31. fxe4 f3+ 32. Kc2 Rxg1 33. Rxg1 Be3 34.
Rf1 f2 35. Bxd6 Bd4 36. Be7 Rg8 37. Kd2 Rg1 38. Ke2 Rg4 39. d6 Rxe4+ 40. Kf3
Re1 41. Kg2 e4 42. d7 e3 43. d8=Q+ Kh7 44. Bf6 Bxf6 45. Qxf6 e2 46. Qe7+ Kh6
47. Rxf2 1-0

[Event "FIDE World Youth U16 Chess Olympiad SLOVAKIA 2016"]
[Site "Poprad Tatry SLOVAKIA"]
[Date "2016.07.27"]
[Round "7"]
[Board "3"]
[White "Blohberger, Felix"]
[Black "Agmanov, Zhandos"]
[Result "0-1"]
[WhiteElo "2284"]
[BlackElo "2310"]
[PlyCount "74"]
[EventDate "2016.07.22"]
[EventType "team"]
[EventRounds "9"]
[EventCountry "SVK"]
[WhiteTeam "Austria"]
[BlackTeam "Kazakhstan"]

1. d4 Nf6 2. Nc3 d5 3. Bf4 e6 4. Nb5 Na6 5. e3 Be7 6. Nf3 O-O 7. Bd3 b6 8. Ne5
Bb7 9. O-O c5 10. c3 Nb8 11. a4 Nc6 12. Qf3 a6 13. Na3 Nd7 14. Qh3 f5 15. Nxc6
Bxc6 16. c4 Nf6 17. Be5 Ng4 18. cxd5 Nxe5 19. dxe5 Qxd5 20. Bc4 Qxe5 21. Qg3
Qe4 22. Rfe1 Bh4 23. Qh3 Bf6 24. f3 Qe5 25. Qg3 Rfe8 26. Qxe5 Bxe5 27. Rab1
Bxa4 28. f4 Bf6 29. e4 Bd4+ 30. Kf1 Kf8 31. e5 Ke7 32. Ke2 Red8 33. g3 Bc6 34.
Bd3 b5 35. b3 Rd7 36. Red1 Rad8 37. Bc2 Bg2 0-1